<?xml version="1.0" encoding="UTF-8"?><?xml-stylesheet type="text/xsl" href="static/style.xsl"?><OAI-PMH xmlns="http://www.openarchives.org/OAI/2.0/" xmlns:xsi="http://www.w3.org/2001/XMLSchema-instance" xsi:schemaLocation="http://www.openarchives.org/OAI/2.0/ http://www.openarchives.org/OAI/2.0/OAI-PMH.xsd"><responseDate>2026-04-17T14:05:49Z</responseDate><request verb="GetRecord" identifier="oai:www.recercat.cat:20.500.12327/257" metadataPrefix="marc">https://recercat.cat/oai/request</request><GetRecord><record><header><identifier>oai:recercat.cat:20.500.12327/257</identifier><datestamp>2025-10-22T11:21:49Z</datestamp><setSpec>com_2072_4428</setSpec><setSpec>com_2072_4427</setSpec><setSpec>col_2072_487898</setSpec></header><metadata><record xmlns="http://www.loc.gov/MARC21/slim" xmlns:dcterms="http://purl.org/dc/terms/" xmlns:xsi="http://www.w3.org/2001/XMLSchema-instance" xmlns:doc="http://www.lyncode.com/xoai" xsi:schemaLocation="http://www.loc.gov/MARC21/slim http://www.loc.gov/standards/marcxml/schema/MARC21slim.xsd">
   <leader>00925njm 22002777a 4500</leader>
   <datafield ind2=" " ind1=" " tag="042">
      <subfield code="a">dc</subfield>
   </datafield>
   <datafield ind2=" " ind1=" " tag="720">
      <subfield code="a">Alpízar, Aide</subfield>
      <subfield code="e">author</subfield>
   </datafield>
   <datafield ind2=" " ind1=" " tag="720">
      <subfield code="a">Segalés, Joaquim</subfield>
      <subfield code="e">author</subfield>
   </datafield>
   <datafield ind2=" " ind1=" " tag="720">
      <subfield code="a">Martínez, Simón</subfield>
      <subfield code="e">author</subfield>
   </datafield>
   <datafield ind2=" " ind1=" " tag="720">
      <subfield code="a">Martínez, Atalo</subfield>
      <subfield code="e">author</subfield>
   </datafield>
   <datafield ind2=" " ind1=" " tag="720">
      <subfield code="a">Socci, Guadalupe</subfield>
      <subfield code="e">author</subfield>
   </datafield>
   <datafield ind2=" " ind1=" " tag="720">
      <subfield code="a">Córdova, Dionicio</subfield>
      <subfield code="e">author</subfield>
   </datafield>
   <datafield ind2=" " ind1=" " tag="720">
      <subfield code="a">Fajardo, Raul</subfield>
      <subfield code="e">author</subfield>
   </datafield>
   <datafield ind2=" " ind1=" " tag="260">
      <subfield code="c">2018-06-27</subfield>
   </datafield>
   <datafield ind2=" " ind1=" " tag="520">
      <subfield code="a">The objective of this work was to detect the presence of three main pig respiratory viral agents&#xd;
(porcine rubulavirus [PorPV], porcine circovirus type 2 [PCV-2], and porcine reproductive and&#xd;
respiratory syndrome virus [PRRSV]) in tissues of emaciated piglets from the Bajío Region&#xd;
(Mexico). Necropsies and histopathological studies of 37 pigs with poor body condition were&#xd;
performed; viruses were detected by molecular biology methods and PCV-2 was further assessed&#xd;
by immunohistochemistry (IHC). Histopathologically, interstitial pneumonia was observed in&#xd;
25/37 (68%) of the piglets. Also, a varying degree of lymphocyte depletion in lymphoid organs&#xd;
was found in 14/37 (38%) animals. Through polymerase chain reaction (PCR) and/or reverse&#xd;
transcription polymerase chain reaction (RT-PCR), from the 37 pigs, 16 were positive for PCV-2,&#xd;
18 for PRRSV and 1 for PorPV. In accordance with these results, the infection and/or co-infection&#xd;
with PCV-2 and PRRSV were fairly frequent findings in piglets with poor body condition in&#xd;
Mexico, while the infection by PorPV was apparently negligible. Wasting of post-weaning piglets&#xd;
is a global pig farming problem that causes great economic losses and has been associated with&#xd;
diverse factors: microbial agents, environmental factors, nutritional factors, and management.&#xd;
When the Blue Eye Disease was first reported in Mexico, it was associated with severe wasting&#xd;
in post-weaning piglets. This study demonstrated that this disease does not seem to play such an&#xd;
important role in the wasting as was previously thought.</subfield>
   </datafield>
   <datafield ind1="8" ind2=" " tag="024">
      <subfield code="a">Alpízar, Aide, Joaquim Segalés, Simón Martínez, Atalo Martínez, Guadalupe Socci, Dionicio Córdova, and Raul Fajardo. 2018. "Histopathological And Virological Findings In Emaciated Pigs From Mexico: An Exploratory Study". Acta Veterinaria Brno 87 (3): 213-217. University of Veterinary and Pharmaceutical Sciences. doi:10.2754/avb201887030213.</subfield>
   </datafield>
   <datafield ind1="8" ind2=" " tag="024">
      <subfield code="a">0001-7213</subfield>
   </datafield>
   <datafield ind1="8" ind2=" " tag="024">
      <subfield code="a">http://hdl.handle.net/20.500.12327/257</subfield>
   </datafield>
   <datafield ind1="8" ind2=" " tag="024">
      <subfield code="a">https://doi.org/10.2754/avb201887030213</subfield>
   </datafield>
   <datafield ind2="0" ind1="0" tag="245">
      <subfield code="a">Histopathological and virological findings in emaciated pigs from Mexico: an exploratory study</subfield>
   </datafield>
</record></metadata></record></GetRecord></OAI-PMH>